1466 1437 1650 1348 1448 1908 1464 1306 1242 1546 1218 1258 1741 1382 1022 1079 1867 1882 1492 1888 1663 1785 1754 1815 1842 1447 1936 1657 1598 1862 1295 1109 1458 1678 1220 1891 1361 1011 1766 1110 1186 1667 1262 1798 1363 1480 1601 1821 1581 1009 1063 1686 1574 1540 1523 1948 1207 1831 1939 1329 1287 1961 1400 1947 1279 1783 1855 1768 1165 1770 1958 1397 1332 1634 1856 1573 1774 1030 1314 1154 1933 1937 1406 1217 1010 1259 1705 1132 1884 1309 1730 1882 1416 1678 1889 1324 1770 1610 1964 BCNSPRNW ULIB Ver.6.0+V

เปลี่ยนเป็นภาษาไทย

Change to English
 แสดงรายละเอียดบรรณานุกรม
  กลับหน้าหลัก

Brief Record : Get Marc (ISO 2709) : E-mail record : QR code < ปิดหน้าต่าง
LEADER : 00000nam 2200000uu 4500
001    13399113619
003     ULIB
008    111124s2549||||th 000 0 tha d
020    ^a974943918X
090    ^aนว.^bN11H 2549
100 0  ^aNukan
245 00 ^aหนุ่มซึ้งสาวเซี้ยวเกี่ยวใจลุ้นรัก/^cNukan
250    ^aพิมพ์ครั้งที่ 1
260    ^aกรุงเทพฯ :^bเอนจอย,^c2549
300    ^a296 หน้า
710 1  ^aเอนจอย
945    ^p190^l0^i24693
995    ^aทศพร
999    ^aใช้งานได้ทุกระบบ
รายการนี้ยังไม่มีแท็ก
คุณยังไม่ได้ล็อกอิน คุณสามารถมีกิจกรรมร่วมกับเว็บไซต์ได้ แต่ต้องล็อกอินก่อน ::
  ล็อกอิน

รายการสื่อสารสนเทศ

ลำดับที่ ประเภท เลขเรียก/บาร์โค้ด สถานที่ สถานะ
1. นวนิยาย
นวนิยาย
นว. N11H 2549 ฉ.1 
  Barcode: 24693
ห้องสมุดวิทยาเขตสวรรค์ประชารักษ์
►นวนิยาย
บนชั้น
  ขอยืม

BibComment


ยังไม่เคยถูกคอมเมนท์

คอมเมนท์ทรัพยากรรายการนี้
  คอมเมนท์: หนุ่มซึ้งสาวเซี้..


 Copyright 2026. Bcnsprnw @Library